| 000 | 00676nam a2200241 4500 | ||
|---|---|---|---|
| 003 | MX-MxINE | ||
| 005 | 20260530115321.0 | ||
| 008 | 260518t2002 enka|||| |||| 00| 0 eng d | ||
| 040 |
_aMX-MxINE _bspa _cMX-MxINE _erda |
||
| 041 | _aeng | ||
| 050 |
_aNK2715 _bH33 2002 |
||
| 100 | _eautor | ||
| 245 |
_aHabitat: _bthe collection spring 2002 |
||
| 264 |
_aLondon : _bHabitat, _c2002 |
||
| 300 |
_a72 páginas : _bilustraciones |
||
| 336 |
_2rdacontent _atexto |
||
| 337 |
_2rdamedia _asin medio |
||
| 338 |
_2rdacarrier _avolumen |
||
| 610 | 1 |
_aHabitat (Empresa) _vCatálogos |
|
| 650 | 4 |
_aMuebles _vCatálogos _99329 |
|
| 650 | 4 | _aDiseño de mobiliario | |
| 942 |
_2lcc _n1 _cBK |
||
| 999 |
_c13787 _d13787 |
||